=LDR 00000nam 2200000 4500 =001 INLIS000000000042644 =005 20161203100825.0 =006 =007 =008 Ind =035 ##$$0010-101300000000566 =041 ##$$a Ind =082 ##$$a 616.93 =090 ##$$a 616.93 Suci m =100 ##$$a Sudarto =245 ##$$a Malaria $b Refernsi Mutahir =260 ##$$a Jakarta $b Sagung Seto $c 2011 =300 ##$$a viii, 281 hlom., ilus, 21 cm =650 ##$$a Malaria =850 ##$$a NBPNMAT =990 ##$$a 0001/BPAP-NTB/20142015 =990 ##$$a 0001/BPAP-NTB/2015 =990 ##$$a 0001/BPAP-NTB/2016